La vida cristiana en medio del mundo y en nuestro siglo : conferencias prácticas /

Guardat en:
Dades bibliogràfiques
Autor principal: Sayn Wittgenstein, Carolyne de (autor)
Altres autors: Lasserre, Henri (edición) (edición)
Format: Llibre
Idioma:espanyol
Matèries:
Etiquetes: Afegir etiqueta
Sense etiquetes, Sigues el primer a etiquetar aquest registre!

MARC

LEADER 00000nam^a2200000^a^4500
001 000301777
005 20250526000000.0
009 20260310112554.141
025 |a Donación Robles Martínez, 1 ejemplar 
037 |a Acervo ITESO - Biblioteca 
041 |a ESP 
082 |a 248. 4  |b SAY 
100 |a Sayn Wittgenstein, Carolyne de  |e (autor) 
245 1 3 |a La vida cristiana en medio del mundo y en nuestro siglo :  |b conferencias prácticas /  |c C. de Sayn Wittgenstein ; ed. de H. Lasserre. 
264 |a Barcelona, España :  |b Juan Gili,  |c 1896, c1896 
300 |a XXXII, 398 p. ;  |c 18.5 cm. 
500 |a Traducción de: La vie chrétienne au milieu du monde et en notre siècle 
590 |a Traducción de la 12a edición en francés 
649 |a XX 
650 |a Vida Cristiana -  |x Tema Principal 
650 |a Cristianismo -  |x Historia -  |y Siglo XIX 
700 |a Lasserre, Henri  |e (edición) 
910 |a Fondo Robles Martínez 
920 |a Impresos - Libros 
930 |a Libros Antiguos y Raros 
905 |a 108 
901 |a 0500187550  |b IT2  |c LRA  |i D  |u 20250526 
902 |a https://opac.biblio.iteso.mx/vufind/Record/000301777